000 00803nam a2200325Ia 4500
001 8320
005 20240113234102.0
007 ta
008 050718s1981 a g b000 u eng u
040 _aCotton College Assam
041 _aeng
082 _a940.28
_bGo 59 Hi
100 _aGooch, G.P. .
245 0 _aHistory of Modern Europe 1878-1919 /
_cG.P. Gooch.
_hTextual Documents
250 _a1st ed. /
260 _aNew Delhi :
_bS.Chand & Company Ltd. ,
_c1981.
300 _a624p. :
_bill. ;
_c22cm .
504 _aIndex
653 _aHistory-Modern Europe
653 _aG-History
942 _2ddc
_cBK
999 _c8307
_d8307